| 000 | 00554nam a2200205Ia 4500 | ||
|---|---|---|---|
| 003 | OSt | ||
| 005 | 20250305091432.0 | ||
| 008 | 210210b1982 xxu||||| |||| 00| 0 eng d | ||
| 040 | _cAL | ||
| 041 | _aKannada | ||
| 082 | _aK894.4 ENKK | ||
| 100 |
_aENKE _dಎನ್ಕೆ _9203943 |
||
| 245 |
_aKannada Vyasabharata _bಕನ್ನಡ ವ್ಯಾಸಭಾರತ |
||
| 260 |
_aDharavada _bSamaja Pustakalaya _c1982 |
||
| 300 | _axxix,666 | ||
| 650 |
_aMahabharata _9203944 |
||
| 690 |
_aKannada Prose _9203945 |
||
| 906 | _aSG02506 | ||
| 942 |
_2ddc _cBK |
||
| 999 |
_c113495 _d113495 |
||